<?xml version="1.0" encoding="UTF-8"?>
<record
    xmlns:xsi="http://www.w3.org/2001/XMLSchema-instance"
    xsi:schemaLocation="http://www.loc.gov/MARC21/slim http://www.loc.gov/standards/marcxml/schema/MARC21slim.xsd"
    xmlns="http://www.loc.gov/MARC21/slim">

  <leader>01004nam2a22002651  4500</leader>
  <controlfield tag="001">RU\NLR\INFOCOMM29\5000545413</controlfield>
  <controlfield tag="005">20250616234251.0</controlfield>
  <datafield tag="035" ind1=" " ind2=" ">
    <subfield code="a">(NLR Aleph) 002287852</subfield>
  </datafield>
  <datafield tag="090" ind1=" " ind2=" ">
    <subfield code="a">4104477</subfield>
    <subfield code="c">4104477</subfield>
  </datafield>
  <datafield tag="100" ind1=" " ind2=" ">
    <subfield code="a">20050822d2003    |||y0rusy50      ca</subfield>
  </datafield>
  <datafield tag="101" ind1="0" ind2=" ">
    <subfield code="a">rus</subfield>
  </datafield>
  <datafield tag="102" ind1=" " ind2=" ">
    <subfield code="a">RU</subfield>
  </datafield>
  <datafield tag="105" ind1=" " ind2=" ">
    <subfield code="a">y   ||||000|y</subfield>
  </datafield>
  <datafield tag="200" ind1="1" ind2=" ">
    <subfield code="a">&#x41B;&#x435;&#x433;&#x43A;&#x438;&#x439; &#x442;&#x430;&#x43D;&#x43A; &#x422;-26</subfield>
    <subfield code="f">&#x41C;.&#x412;. &#x41A;&#x43E;&#x43B;&#x43E;&#x43C;&#x438;&#x435;&#x446;, &#x41C;. &#x421;&#x432;&#x438;&#x440;&#x438;&#x43D;</subfield>
  </datafield>
  <datafield tag="210" ind1=" " ind2=" ">
    <subfield code="d">2003</subfield>
    <subfield code="a">&#x411;. &#x43C;.</subfield>
  </datafield>
  <datafield tag="461" ind1=" " ind2="0">
    <subfield code="1">001RU\NLR\INFOCOMM29\5000545392</subfield>
    <subfield code="1">2001#$a&#x424;&#x440;&#x43E;&#x43D;&#x442;&#x43E;&#x432;&#x430;&#x44F; &#x438;&#x43B;&#x43B;&#x44E;&#x441;&#x442;&#x440;&#x430;&#x446;&#x438;&#x44F;$dFrontline illustration$e&#x41F;&#x435;&#x440;&#x438;&#x43E;&#x434;. &#x438;&#x43B;. &#x438;&#x437;&#x434;.$zeng$v2003, &#x2116;1</subfield>
    <subfield code="9">4077846</subfield>
    <subfield code="c">&#x41C;.</subfield>
    <subfield code="d">2001 -</subfield>
    <subfield code="l">Frontline illustration</subfield>
    <subfield code="n">&#x421;&#x442;&#x440;&#x430;&#x442;&#x435;&#x433;&#x438;&#x44F; &#x41A;&#x41C;</subfield>
    <subfield code="o">&#x41F;&#x435;&#x440;&#x438;&#x43E;&#x434;. &#x438;&#x43B;. &#x438;&#x437;&#x434;.</subfield>
    <subfield code="t">&#x424;&#x440;&#x43E;&#x43D;&#x442;&#x43E;&#x432;&#x430;&#x44F; &#x438;&#x43B;&#x43B;&#x44E;&#x441;&#x442;&#x440;&#x430;&#x446;&#x438;&#x44F;</subfield>
    <subfield code="v">2003, &#x2116;1</subfield>
  </datafield>
  <datafield tag="700" ind1=" " ind2="1">
    <subfield code="a">&#x41A;&#x43E;&#x43B;&#x43E;&#x43C;&#x438;&#x435;&#x446;</subfield>
    <subfield code="b">&#x41C;.&#x412;.</subfield>
    <subfield code="4">070</subfield>
  </datafield>
  <datafield tag="701" ind1=" " ind2="1">
    <subfield code="a">&#x421;&#x432;&#x438;&#x440;&#x438;&#x43D;</subfield>
    <subfield code="b">&#x41C;.</subfield>
    <subfield code="4">070</subfield>
  </datafield>
  <datafield tag="801" ind1=" " ind2="1">
    <subfield code="a">RU</subfield>
    <subfield code="b">InfoComm</subfield>
    <subfield code="c">20050822</subfield>
  </datafield>
  <datafield tag="801" ind1=" " ind2="0">
    <subfield code="a">RU</subfield>
    <subfield code="b">NLR</subfield>
    <subfield code="g">PSBO</subfield>
  </datafield>
  <datafield tag="852" ind1=" " ind2=" ">
    <subfield code="a">NLR</subfield>
    <subfield code="j">&#x41F;11/4749</subfield>
  </datafield>
  <datafield tag="942" ind1=" " ind2=" ">
    <subfield code="c">ISSUE</subfield>
  </datafield>
  <datafield tag="980" ind1=" " ind2=" ">
    <subfield code="a">NB</subfield>
  </datafield>
  <datafield tag="980" ind1=" " ind2=" ">
    <subfield code="a">RUSPER</subfield>
  </datafield>
</record>
